[Event "EU-Cup 26th"]
[Site "Plovdiv"]
[Date "2010.10.20"]
[Round "4.5"]
[White "Papadogiannis, Sevastianos"]
[Black "Diesen, Bruce"]
[Result "0-1"]
[WhiteElo "1962"]
[BlackElo "2166"]
[PlyCount "58"]
[EventDate "2010.10.17"]
[EventType "team-swiss"]
[EventRounds "7"]
[EventCountry "BUL"]
[SourceTitle "CBM 139"]
[Source "ChessBase"]
[SourceDate "2010.11.18"]
[SourceVersion "1"]
[SourceVersionDate "2010.11.18"]
[SourceQuality "1"]
[WhiteTeam "Chania Chess Academy"]
[BlackTeam "Asker"]
[WhiteTeamCountry "GRE"]
[BlackTeamCountry "DEN"]

1. e4 e5 2. Nf3 Nc6 3. Bb5 a6 4. Ba4 Nf6 5. 0-0 Be7 6. Re1 b5 7. Bb3 d6 8. c3 0-0 9. d4 Bg4 10. Be3 exd4 11. cxd4 Na5 12. Bc2 c5 13. Nbd2 Re8 14. h3 Bh5 15. Rc1 Nd7 16. b3 Rc8 17. Nf1 Nc6 18. d5 Bxf3 19. gxf3 Nd4 20. Bxd4 cxd4 21. Qxd4 Bg5 22. Ne3 Bf4 23. Kf1 Ne5 24. Ke2 Qg5 25. Rg1 Bxe3 26. Qxe3 Rxc2+ 27. Rxc2 Qxg1 28. Qb6 Qb1 29. Qc7 f5 0-1

[Event "EU-Cup 26th"]
[Site "Plovdiv"]
[Date "2010.10.17"]
[Round "1.5"]
[White "Diesen, Bruce"]
[Black "Haba, Petr"]
[Result "0-1"]
[WhiteElo "2166"]
[BlackElo "2517"]
[PlyCount "118"]
[EventDate "2010.10.17"]
[EventType "team-swiss"]
[EventRounds "7"]
[EventCountry "BUL"]
[SourceTitle "CBM 139"]
[Source "ChessBase"]
[SourceDate "2010.11.18"]
[SourceVersion "1"]
[SourceVersionDate "2010.11.18"]
[SourceQuality "1"]
[WhiteTeam "Asker"]
[BlackTeam "Novoborsky"]
[WhiteTeamCountry "DEN"]
[BlackTeamCountry "CZE"]

1. e4 e6 2. d4 d5 3. Nc3 Bb4 4. e5 c5 5. a3 Bxc3+ 6. bxc3 Qc7 7. Nf3 b6 8. Bb5+ Bd7 9. Bd3 Ba4 10. 0-0 Ne7 11. Ra2 h6 12. Re1 Nd7 13. Bf4 a6 14. Qb1 Qc6 15. Qb2 Bb5 16. a4 Bxd3 17. cxd3 0-0 18. Rb1 Rfc8 19. Bd2 Rc7 20. Qa3 Rac8 21. Rab2 Qa8 22. dxc5 bxc5 23. Bf4 Nc6 24. h3 Rb8 25. Rxb8+ Ncxb8 26. Qc1 Rb7 27. Ra1 Nc6 28. a5 Qb8 29. Kh2 Rb5 30. c4 dxc4 31. dxc4 Rb4 32. Ra3 Rb3 33. Rxb3 Qxb3 34. Qd2 Nf8 35. Qd6 Nxa5 36. Nd2 Qb7 37. Qxc5 Nc6 38. Qe3 Ng6 39. Bg3 Qb4 40. f4 a5 41. Qd3 a4 42. Nb1 Nce7 43. Qe4 Nf5 44. Be1 Qb2 45. c5 Nxf4 46. c6 Nd5 47. Ba5 Qb5 48. c7 Nfe7 49. Qe1 Qc5 50. Qd2 Kh7 51. Qd3+ g6 52. Qf3 Kg7 53. Bd2 Qxc7 54. Qg3 Nf5 55. Qe1 Nfe3 56. Kh1 Nc4 57. Qe4 Nxd2 58. Nxd2 Qc1+ 59. Kh2 Qxd2 0-1

[Event "NOR-chT 0910"]
[Site "Norway"]
[Date "2009.11.08"]
[Round "3"]
[White "Glenne, Bjorn Erik"]
[Black "Diesen, Bruce"]
[Result "0-1"]
[WhiteElo "2201"]
[BlackElo "2163"]
[PlyCount "76"]
[EventDate "2009.11.06"]
[EventType "team"]
[EventRounds "9"]
[EventCountry "NOR"]
[SourceTitle "EXT 2011"]
[Source "ChessBase"]
[SourceDate "2010.11.26"]
[SourceVersion "1"]
[SourceVersionDate "2010.11.26"]
[SourceQuality "1"]
[WhiteTeam "Kristiansund"]
[BlackTeam "Asker"]
[WhiteTeamCountry "NOR"]
[BlackTeamCountry "NOR"]

1. d4 Nf6 2. c4 e6 3. Nc3 Bb4 4. Qc2 0-0 5. a3 Bxc3+ 6. Qxc3 b6 7. Nf3 Bb7 8. e3 d6 9. Be2 Ne4 10. Qc2 Nd7 11. 0-0 f5 12. Ne1 Qh4 13. f3 Ng5 14. Bd3 Rf6 15. e4 f4 16. Qf2 Qh5 17. Kh1 Raf8 18. b4 e5 19. Bb2 Rh6 20. Qg1 Rff6 21. c5 Qe8 22. Rc1 dxc5 23. bxc5 Rfg6 24. dxe5 Nxc5 25. Bc4+ Kh8 26. Nd3 Ncxe4 27. fxe4 Nxe4 28. Rf3 Ng3+ 29. Rxg3 fxg3 30. Nf4 Rg4 31. Qe3 Rxh2+ 32. Kg1 Rhh4 33. Rf1 h6 34. e6 Rh2 35. e7 Bc6 36. Nh3 Rxg2+ 37. Kh1 Rh2+ 38. Kg1 Rh1# 0-1

[Event "NOR-chT 0809"]
[Site "Norway"]
[Date "2008.11.07"]
[Round "2"]
[White "Diesen, Bruce"]
[Black "Haugli, Petter"]
[Result "0-1"]
[WhiteElo "2141"]
[BlackElo "2229"]
[PlyCount "86"]
[EventDate "2008.11.07"]
[EventType "team-tourn"]
[EventRounds "11"]
[EventCountry "NOR"]
[SourceTitle "EXT 2010"]
[Source "ChessBase"]
[SourceDate "2010.11.25"]
[SourceVersion "1"]
[SourceVersionDate "2010.11.25"]
[SourceQuality "1"]

1. e4 c5 2. Nf3 e6 3. d4 cxd4 4. Nxd4 Bc5 5. Nb3 Bb6 6. Nc3 Ne7 7. Bg5 Nbc6 8. Bc4 0-0 9. 0-0 f5 10. exf5 Rxf5 11. Qd2 d5 12. Bd3 Rf7 13. Na4 Bc7 14. f4 Qd6 15. c4 h6 16. Bxe7 Nxe7 17. c5 Qd8 18. Nd4 Nc6 19. Nxc6 bxc6 20. Rae1 Qf6 21. Bb1 Ba6 22. Rf3 Bxf4 23. Qf2 e5 24. g3 Qg5 25. Kh1 Bd2 26. Rxf7 Bxe1 27. Bh7+ Kxh7 28. Qxe1 Kg8 29. Rf2 d4 30. b3 Re8 31. Qe4 Bb5 32. Nb2 Qc1+ 33. Kg2 Qxc5 34. a4 Ba6 35. Rc2 Qd5 36. Qxd5+ cxd5 37. Rc5 Rb8 38. Ra5 Rxb3 39. Rxa6 Rxb2+ 40. Kf3 e4+ 41. Kf4 e3 42. Re6 Rf2+ 43. Kg4 e2 0-1

[Event "NOR-chT Clubs"]
[Site "Oslo"]
[Date "2008.05.02"]
[Round "3"]
[White "Diesen, Bruce"]
[Black "Moen, Andreas"]
[Result "0-1"]
[WhiteElo "2150"]
[BlackElo "2264"]
[PlyCount "120"]
[EventDate "2008.05.01"]
[EventType "team-swiss"]
[EventRounds "6"]
[EventCountry "NOR"]
[SourceTitle "EXT 2010"]
[Source "ChessBase"]
[SourceDate "2010.11.25"]
[SourceVersion "1"]
[SourceVersionDate "2010.11.25"]
[SourceQuality "1"]

1. e4 e5 2. Nf3 Nf6 3. Nxe5 d6 4. Nf3 Nxe4 5. d4 d5 6. Bd3 Be7 7. 0-0 Nc6 8. c4 Nb4 9. Be2 0-0 10. Nc3 Bf5 11. a3 Nxc3 12. bxc3 Nc6 13. cxd5 Qxd5 14. Be3 Rfd8 15. Nd2 Na5 16. Bf3 Qb5 17. Re1 c5 18. a4 Qb2 19. Ne4 cxd4 20. cxd4 Rac8 21. Rb1 Qa3 22. Rb5 Bxe4 23. Bxe4 b6 24. Rh5 g6 25. Qg4 Qb3 26. Rh3 Qe6 27. Qf4 Qf6 28. Qh6 Qg7 29. Qf4 Nc4 30. Rf3 Nxe3 31. fxe3 Bd6 32. Qh4 f5 33. Bb1 Re8 34. Qf2 Re7 35. h4 Rce8 36. h5 Qh6 37. Rh3 Qg5 38. Ba2+ Kg7 39. h6+ Kh8 40. Kf1 f4 41. Qf3 Rxe3 42. Rxe3 fxe3 43. Qe2 Bg3 44. Kg1 Qf4 45. Bc4 Rc8 46. Kh1 Qf2 47. Qxf2 exf2 48. Rxg3 Rxc4 49. Rf3 Rc1+ 50. Kh2 f1Q 51. Rxf1 Rxf1 52. Kg3 Rd1 53. Kf4 Rxd4+ 54. Ke5 Rxa4 55. Kd6 Rc4 56. Kd5 Rc5+ 57. Kd4 a5 58. Kd3 a4 59. Kd4 a3 60. Kd3 a2 0-1